| 000 | 01280nam a22002417a 4500 | ||
|---|---|---|---|
| 003 | Uzh_bibl | ||
| 008 | 260427b |||||||| |||| 00| 0 ukr d | ||
| 020 |
_a978-966-2665-93-2 _c50 грн.48 коп. |
||
| 040 | _bукр. | ||
| 041 |
_2rus _aukr |
||
| 080 | _a821.161.2 | ||
| 090 |
_a821.161.2 _bЛ 72 |
||
| 100 | _aЛойко, Сергій | ||
| 245 |
_aАеропорт _cПер.з рос. _hТекст |
||
| 260 |
_aКиїв _bБрайт Стар Паблішинг _c2016 |
||
| 300 | _a376 с. | ||
| 520 | _a"Аеропорт" - роман американського військового кореспондента Сергія Лойка. В основу книги покладено героїчні події оборони Донецького аеропорту військовослужбовцями ЗС України та добровольцями у вересні 2014 - лютому 2015. Окрема глава роману присвячена анексії Криму Росією у березні 2014 року. | ||
| 521 | _aДля широкого кола читачів | ||
| 650 | _aЛітературно-художнє видання | ||
| 653 |
_aВійна _aЗрада |
||
| 655 |
_aПригоди _vРоман |
||
| 942 |
_2udc _cBK |
||
| 999 |
_c17522 _d17522 |
||